Hayden Ley

Washington A


Categories

Fine Arts - Painting1200354988.0000
Science - Physics0300307386.0000
History - World1100252361.5001
Literature - British0200208591.0000
RMP - World Mythology0200209198.0000
Fine Arts - Miscellaneous020020102107.5000
Fine Arts - Music020020109109.5000
Fine Arts - Jazz020020117124.0000
Science - Computer Science0200208096.0000
Science - Chemistry020020105105.5000
Social Science - Linguistics0100106565.0000
Fine Arts - Opera010010112112.0000
Fine Arts - Photography0100108585.0000
Geography - United States0100107575.0000
History - American0100109393.0000
History - Cross, Historiography, and Miscellaneous010010102102.0000
Literature - World and Miscellaneous010010102102.0000
Other - Other Academic and General Knowledge010010114114.0000
RMP - Christian Practice010010106106.0000
RMP - East Asian Religion010010116116.0000
RMP - Islam010010108108.0000
Science - Biology010010119119.0000
Science - Math0100108686.0000
Fine Arts - Architecture0100108181.0000
Literature - European000000.0000
Science - Astronomy000000.0000
Fine Arts - Sculpture000000.0000
Literature - American000000.0000
RMP - Greco-Roman Mythology000000.0000
History - European000000.0000
RMP - Jewish Practice000000.0000
RMP - Philosophy000000.0000

Buzzes

History - WorldUr2023
Fine Arts - Paintingthe Factory2049
History - EuropeanChernobyl nuclear disaster052
RMP - Jewish PracticeReform Judaism062
History - Worldimperial examinations063
History - WorldAkhenaten063
Social Science - LinguisticsNoam Chomsky1065
Science - Physicswavelength1073
Science - Biologycellular differentiation075
Geography - United StatesPennsylvania1075